000 nam a22 7a 4500
999 _c8300
_d8300
008 171218b xxu||||| |||| 00| 0 eng d
100 _aNational Council of Education
_94721
245 _aFifth All - India Educational Survey
250 _aVolume 1
260 _aNew Delhi
_bNational Council of Education
_c1992